| 000 | 00324nam a2200109Ia 4500 | ||
|---|---|---|---|
| 008 | 190914s9999||||xx |||||||||||||| ||und|| | ||
| 100 | _aNoye, Teubner, Gill | ||
| 245 | 0 | _aProceedings of The Eight Biennial Conference Computational Techniques and Applications | |
| 260 |
_aLondon _bAddison _c1997 |
||
| 300 | _a744 | ||
| 942 | _cBK | ||
| 999 |
_c8508 _d8508 |
||